| 000 | 00831nam a2200205 4500 | ||
|---|---|---|---|
| 003 | LK-CoMWRAF | ||
| 005 | 20231201122024.0 | ||
| 008 | 230921b |||||||| |||| 00| 0 eng d | ||
| 020 | _a9789551656225 | ||
| 040 |
_aLK-CoMWRAF _dLK-CoMWRAF _eLK-CoMWRAF |
||
| 041 | _asin | ||
| 082 |
_a297.38 _bMOU |
||
| 245 |
_aශුද්ධවූ කුර් ආනය හා හදීස් ආශ්රයෙන් : _bප්රාර් ථනාවන් |
||
| 246 | _aShuddhawoo kuraanaya haa hadees aashrayen : Praarthanaawan | ||
| 260 |
_a කොළඹ : _bමව්ලවි, අෂ්-ෂේක් , |
||
| 650 | _aඉස්ලාම්-ප්රාර් ථනා | ||
| 700 |
_aමව්ලවි, අෂ්-ෂේක් _eed. |
||
| 700 |
_aනව්ෂාද්, එම්. අයි. එම්. _etrans. |
||
| 942 | _cCP | ||
| 999 |
_c3601 _d3601 |
||